000 00400nam a22001457a 4500
005 20240319095357.0
008 240319b ||||| |||| 00| 0 eng d
040 _cAL
041 _aeng
082 _223
_a658.3
_bPERS
245 _aPersonnel Management Practices in Kerala Transport Company
260 _aMangalore
_bSt Aloysius College
_c1995
700 _aSOORAJ (M P)
_9155206
942 _2ddc
_cPRO
999 _c230493
_d230493